LEADER 00955nam0-2200313---450- 001 990008652590403321 005 20080424111206.0 010 $a84-600-7090-5 035 $a000865259 035 $aFED01000865259 035 $a(Aleph)000865259FED01 035 $a000865259 100 $a20080424d1988----km-y0itay50------ba 101 0 $aspa 102 $aES 105 $ay-------001yy 200 1 $aIglesia y Estado en el certamen priscilianista$ecausa ecclesiae y iudicium publicum$fMaria Victoria Escribano Paño 210 $aZaragoza$cUniversidad$d1988 215 $aIX, 459 p.$d23 cm 225 1 $aMonografias de historia antigua 676 $a273.4$v20$zita 700 1$aEscribano Paño,$bMaria Victoria$0503332 801 0$aIT$bUNINA$gRICA$2UNIMARC 901 $aBK 912 $a990008652590403321 952 $aXXII Ba 630$b595$fNAP02 959 $aNAP02 996 $aIglesia y Estado en el certamen priscilianista$9715322 997 $aUNINA LEADER 02039nam1 2200385 i 450 001 SUN0030741 005 20111128124749.841 100 $a20041216f |0gerc50 ba 101 $ager 102 $aDE 105 $a|||| ||||| 200 1 $aKolner Kommentar zum Aktiengesetz$fhrsg. von Wolfgang Zollner, bearb. von Carsten Peter Claussen ... [et al.] 205 $a2.$bneubearbeitete und erweiterte Aufl 210 $aKoln$cHeymann 215 $abd.$d23 cm. 463 \1$1001SUN0030742$12001 $a<<6.3.2: >>Lieferung 3. Konzernrechnungslegung, Teil 2.: [paragraphen] 300-315 HGB unter Einschluss von IAS und US-GAAP 463 \1$1001SUN0033070$12001 $a<<1: >>[Paragraphen] 1-75 AktG 463 \1$1001SUN0033072$12001 $a<<3: >>[Paragraphen] 76-117 AktG und Mitbestimmung im Aufsichtsrat 463 \1$1001SUN0033073$12001 $a<<5.2: >>[Paragraphen] 179-240 AktG mit Nachtrag zum Gesetz vom 2. August 1994 463 \1$1001SUN0033074$12001 $a<<5.3.1: >>Lieferung 1. [paragraphen] 262-277 463 \1$1001SUN0033075$12001 $a<<6: >>[Paragraphen] 15-22 AktG. [Paragraphen] 291-328 AktG und Meldpflichten nach [Paragraphen] 21 ff. WpHG, SpruchG 463 \1$1001SUN0033076$12001 $a<<6.2: >>Lieferung 2. Konzernrechnungslegung, Teil 1.: [paragraphen] 290-299 HGB unter Einschluss von IAS und US-GAAP 463 \1$1001SUN0033633$12001 $a<<7: >>Lieferung 1. [paragraphen] 339-361 463 \1$1001SUN0086272$12001 $a<<5.3: >>Lieferung$e278-290 AktG 463 \1$1001SUN0086277$12001 $a<<6.1: >>Lieferung [Paragraphen] 291-328 606 $aSocietà -Germania occidentale $2FI$3SUNC013747 620 $dKöln$3SUNL000293 676 $a346.4306605$cDiritto privato. Società. Germania. Seriali.$v21 702 1$aClaussen$b, Carsten P.$3SUNV026318 702 1$aZollner$b, Wolfgang$3SUNV026319 712 $aHeymann$3SUNV002236$4650 801 $aIT$bSOL$c20181109$gRICA 912 $aSUN0030741 996 $aKolner Kommentar zum Aktiengesetz$9680843 997 $aUNICAMPANIA